000 00572nam a2200181Ia 4500
005 20260429112244.0
008 260429s9999||||xx |||||||||||||| ||und||
020 _a9789389140576
041 _aHindi
082 _a891.438
_bMAL
100 _aमधु मालती
245 0 _aसंत-साहित्य की प्रासंगिकता /
_cमधु मालती
250 _a1st ed.
260 _aदिल्ली :
_bप्रकाशन संस्थान,
_c2023.
300 _axii, 176 p.; Hb
650 _aCriticism
942 _cTB
999 _c53155
_d53155